Регионална библиотека "Любен Каравелов" - Русе

Шесто управление : моята истина (Запис номер 85834)

MARC детайли
000 -Лидер
Контролно поле с фиксирана дължина 02180nam a2200433 c 4500
003 - Код на организацията, давaща контролен номер
Контролно поле BLK
005 - Дата и час на последна редакция
Контролно поле 20200206115235.0
008 - Елементи от данни с фиксирана дължина
fixed length control field 180408b bul|||||r ||||||| ||bul||
010 ## - Наследен системен номер
LC control number KNG00090441000
020 ## - Международен стандартен номер на книга ISBN
Международен стандартен номер на книга ISBN 978-954-791-131-4
-- издат.: Даниела Убенова - на том(т. 2)
040 ## - Източник на каталожния запис
Идентификатор на билиотеката - собственик на записа BLK
041 ## - Код за език
Код за езика на текст/звукозапис или на отделно заглавие Български
Код за езика КДБФ Български
080 ## - УДК
Текстов определител УДК Органи на обществения ред. Полиция. Обществена власт. Доброволни отреди. Държавна сигурност. Милиция. Дейност на полицията по вътрешно разузнаване
УДК код - определител по УДК 351.74
УДК определител (497.2)(093.3)
УДК - код + определител 351.74(497.2)(093.3)
080 ## - УДК
Текстов определител УДК Вътрешна политика. Вж и 329
УДК код - определител по УДК 323
УДК определител (497.2)(093.3)
УДК - код + определител 323(497.2)(093.3)
100 1# - Редна дума - Автор
Автор Стоянов, Петър Христов
Авторска отговорност първи автор
R(LIN) 300383
139 ## - Редно поле
Редна дума Стоянов, Петър Христов
Авторски знак Стоя - С 83
245 10 - Сведения за заглавието
Заглавие Шесто управление : моята истина
Подзаглавни данни Т. 1 - 2
Редно поле (дума) Петър Христов Стоянов; състав. Михаил Коларов; състав. Цветана Стоянова.
Том Т. 2
250 ## - Област на изданието
Сведения за изданието 2. изд.
257 ## - Страна на издаване
Страна на създаване/издаване България
260 ## - Област на издателските данни
-- София
Година на издаване 2009
300 ## - Физическа характеристика
Размери/Мащаб 21 см
380 ## - Жанр
Жанр Обществени науки
500 ## - Общи забележки
Забележка 1. изд. 2008 на изд. Бълг. писател.
650 #4 - Допълнително описание по предмет – тема
Основно описание – тема или топоним Държавна сигурност - България
9 (RLIN) 254494
650 #4 - Допълнително описание по предмет – тема
Основно описание – тема или топоним Вътрешна политика - България - спомени
9 (RLIN) 264658
651 #4 - Допълнително описание по предмет - топоним
Географско понятие България
9 (RLIN) 241624
653 ## - Ключова дума – ненормативна
Ключова дума държавна сигурност
653 ## - Ключова дума – ненормативна
Ключова дума Шесто управление
653 ## - Ключова дума – ненормативна
Ключова дума спомени
653 ## - Ключова дума – ненормативна
Ключова дума мемоари
700 1# - Други автори (авторска отговорност)
Лично име Коларов, Михаил
Автороска отговорност (Описва отношението между автора и произведението) състав.
9 (RLIN) 372545
700 1# - Други автори (авторска отговорност)
Лично име Стоянова, Цветана
Автороска отговорност (Описва отношението между автора и произведението) състав.
9 (RLIN) 370602
760 1# - Описание на основната серия
-- - на том(т. 2)
Редна дума на основното описание Стоянов, Петър Христов
Издание 2. изд.
Място на издаване, издател и година Даниела Убенова, 2009
Страници - том 408 с., 8 л. : ил.
Забележка - том Библиогр. с. 397-406.
Заглавие Т. 2
852 ## - Местоположение
Форматна сигнатура Цб 244658
856 4# - Електронен адрес и достъп
Електронен формат pdf - файл
Път до файла /url/
856 4# - Електронен адрес и достъп
Електронен формат pdf - файл
Път до файла /url/
942 ## - АРТИКУЛИ
Вид на библиотечния материал Книги
Скрит в OPAC Не
Koha issues (borrowed), all copies 1
944 ## - СЪЗДАВАНЕ И РЕДАКЦИЯ на ЗАПИСА
Създаване/Редакция Създаване
Дата на регистрацията/редакция 07.07.2009
Статус, дата на статуса ф /
Служител, извършил регистрацията/редакцията Людмила_Стоянова
944 ## - СЪЗДАВАНЕ И РЕДАКЦИЯ на ЗАПИСА
Създаване/Редакция Редакция
Дата на регистрацията/редакция 17.12.2012
Статус, дата на статуса ф /
Служител, извършил регистрацията/редакцията
999 ## - СИСТЕМНИ КОНТРОЛНИ НОМЕРА
Koha biblionumber 85834
Koha biblioitemnumber 85834
Наличности
Код за отписване Код за изгубен артикул Код за повреда Коз за рестрикции Код за отдаване Артикулен № Име на библиотеката - собственик Име на библиотеката, в която се намира в момента Статус (Текущо местоположение) Дата на вписване в системата Местоположение - отдел Цена в лева Инвентарен номер Систематично азбучна сигнатура Баркод Номер на екземпляра Цена в евро Служебна бележка Служебен тип на артикула
  Не е изгубен Не е повреден без рестрикции заемане за дома 139130 Регионална библиотека "Любен Каравелов" Русе Регионална библиотека "Любен Каравелов" Русе Заемна - подръчен фонд 2009-07-07 Заемна - подръчен фонд 12.00 120000736802 П 351/С 83 120000736802 1 6.14 Дост: Pk Вид: Ф N: 47 Дата: 07.07.2009 Дата инв: 06.02.2018 Бележки инв: П2018 Книги
  Не е изгубен Не е повреден без рестрикции ползва се в читалня 139131 Регионална библиотека "Любен Каравелов" Русе Регионална библиотека "Любен Каравелов" Русе Хранилище 2011-08-16 Хранилище 12.00 120000752278 Цб 244658 120000752278 2 6.14 Дост: Dp Вид: Д N: 6 Дата: 07.02.2011 Книги
  Не е изгубен Не е повреден без рестрикции заемане за дома 139132 Регионална библиотека "Любен Каравелов" Русе Регионална библиотека "Любен Каравелов" Русе Заемна - подръчен фонд 2012-11-26 Заемна - подръчен фонд 15.00 120000761668 П 351/С 83 120000761668 3 7.67 Дост: Pk Вид: Ф N: 322 Дата: 19.11.2012 Дата инв: 06.02.2018 Бележки инв: П2018 Книги
Vip Innovations Ltd, Rousse, Bulgaria 2025